书目信息 |
| 题名: |
MCSE/MCP 模拟试题--Windows NT Server 4.0
|
|
| 作者: | 林一平 编著 | |
| 分册: | ||
| 出版信息: | 北京 人民邮电出版社 1999.04 |
|
| 页数: | 154页 | |
| 开本: | 16开 | |
| 丛书名: | ||
| 单 册: | ||
| 中图分类: | TP316.86-44 | |
| 科图分类: | ||
| 主题词: | 软件 | |
| 电子资源: | ||
| ISBN: | 7-115-07778-9 | |
| 000 | 00599nam0 2200193 45 | |
| 001 | 0009282062 | |
| 005 | 20000928202442.5 | |
| 010 | @a7-115-07778-9@d17.00元 | |
| 100 | @a20000928d1999 km y0chiy0120 ea | |
| 101 | 0 | @achi |
| 105 | @a z 000yy | |
| 200 | 1 | @aMCSE/MCP 模拟试题--Windows NT Server 4.0@AMCSE/MCP Mo Ni Shi Ti--Windows NT Server 4.0@f林一平编著@FLin Yi Ping Bian Zhu |
| 210 | @a北京@c人民邮电出版社@d1999.04 | |
| 215 | @a154页@d16开 | |
| 606 | 0 | @a软件 |
| 690 | @aTP316.86-44@v3 | |
| 701 | 0 | @a林一平@4编著 |
| 801 | @aCN@bPftUser@c20000928 | |
| 905 | @b158515-517@dTP316.86-44@eL699@f3 | |
| MCSE/MCP 模拟试题--Windows NT Server 4.0/林一平编著.-北京:人民邮电出版社,1999.04 |
| 154页;16开 |
| ISBN 7-115-07778-9:17.00元 |
| ● |
| 相关链接 |
|
|
|
正题名:MCSE/MCP模拟试题--Windows NT Server 4.0
索取号:TP316.86-44/L699
 
预约/预借
| 序号 | 登录号 | 条形码 | 馆藏地/架位号 | 状态 | 备注 |
| 1 | 158515 | 201585150 | 期刊室512/301自科库 52排6列3层/ [索取号:TP316.86-44/L699] | 在馆 | |
| 2 | 158516 | 201585169 | 自科库301/404自科库 15排1列1层/ [索取号:TP316.86-44/L699] | 在馆 | |
| 3 | 158517 | 201585178 | 期刊室512/301自科库 52排6列3层/ [索取号:TP316.86-44/L699] | 在馆 |